<?xml version="1.0" encoding="UTF-8"?>
<record
    xmlns:xsi="http://www.w3.org/2001/XMLSchema-instance"
    xsi:schemaLocation="http://www.loc.gov/MARC21/slim http://www.loc.gov/standards/marcxml/schema/MARC21slim.xsd"
    xmlns="http://www.loc.gov/MARC21/slim">

  <leader>00830nam1a22002291i 4500</leader>
  <controlfield tag="001">rc\412569</controlfield>
  <controlfield tag="005">20240921200020.0</controlfield>
  <datafield tag="010" ind1=" " ind2=" ">
    <subfield code="a">5280003530</subfield>
    <subfield code="9">100000</subfield>
  </datafield>
  <datafield tag="035" ind1=" " ind2=" ">
    <subfield code="a">(NLR Aleph) 005815571</subfield>
  </datafield>
  <datafield tag="090" ind1=" " ind2=" ">
    <subfield code="a">5427274</subfield>
    <subfield code="c">5427274</subfield>
  </datafield>
  <datafield tag="100" ind1=" " ind2=" ">
    <subfield code="a">20030616d1988    u  |0rusy50      ca</subfield>
  </datafield>
  <datafield tag="101" ind1="0" ind2=" ">
    <subfield code="a">rus</subfield>
  </datafield>
  <datafield tag="102" ind1=" " ind2=" ">
    <subfield code="a">RU</subfield>
  </datafield>
  <datafield tag="105" ind1=" " ind2=" ">
    <subfield code="a">y   |||||||||</subfield>
  </datafield>
  <datafield tag="200" ind1="1" ind2=" ">
    <subfield code="a">&#x418;&#x437;&#x431;&#x440;&#x430;&#x43D;&#x43D;&#x44B;&#x435; &#x43F;&#x440;&#x43E;&#x438;&#x437;&#x432;&#x435;&#x434;&#x435;&#x43D;&#x438;&#x44F;</subfield>
    <subfield code="e">&#x412; 2 &#x442;.</subfield>
    <subfield code="e">&#x41F;&#x435;&#x440;. &#x441; &#x438;&#x441;&#x43F;.</subfield>
    <subfield code="f">&#x41C;&#x438;&#x433;&#x435;&#x43B;&#x44C; &#x410;&#x43D;&#x445;&#x435;&#x43B;&#x44C; &#x410;&#x441;&#x442;&#x443;&#x440;&#x438;&#x430;&#x441;</subfield>
    <subfield code="g">[&#x41F;&#x440;&#x435;&#x434;&#x438;&#x441;&#x43B;. &#x41B;. &#x41E;&#x441;&#x43F;&#x43E;&#x432;&#x430;&#x442;&#x430;, &#x441;. 5-24</subfield>
    <subfield code="g">&#x41A;&#x43E;&#x43C;&#x43C;&#x435;&#x43D;&#x442;. &#x413;. &#x415;&#x440;&#x448;&#x43E;&#x432;&#x43E;&#x439;]</subfield>
  </datafield>
  <datafield tag="210" ind1=" " ind2=" ">
    <subfield code="a">&#x41C;.</subfield>
    <subfield code="c">&#x425;&#x443;&#x434;&#x43E;&#x436;. &#x43B;&#x438;&#x442;.</subfield>
    <subfield code="d">1988</subfield>
  </datafield>
  <datafield tag="215" ind1=" " ind2=" ">
    <subfield code="d">21</subfield>
  </datafield>
  <datafield tag="700" ind1=" " ind2="1">
    <subfield code="7">ca</subfield>
    <subfield code="8">rus</subfield>
    <subfield code="a">&#x410;&#x441;&#x442;&#x443;&#x440;&#x438;&#x430;&#x441;</subfield>
    <subfield code="b">&#x41C;. &#x410;.</subfield>
    <subfield code="f">1899-1974</subfield>
    <subfield code="g">&#x41C;&#x438;&#x433;&#x435;&#x43B;&#x44C; &#x410;&#x43D;&#x445;&#x435;&#x43B;&#x44C;</subfield>
    <subfield code="9">261109</subfield>
    <subfield code="3">RU\NLR\AUTH\770261165</subfield>
  </datafield>
  <datafield tag="801" ind1=" " ind2="0">
    <subfield code="a">RU</subfield>
    <subfield code="b">NLR</subfield>
    <subfield code="g">psbo</subfield>
  </datafield>
  <datafield tag="801" ind1=" " ind2="1">
    <subfield code="a">RU</subfield>
    <subfield code="b">ELAR</subfield>
    <subfield code="2">rusmarc</subfield>
  </datafield>
  <datafield tag="852" ind1=" " ind2=" ">
    <subfield code="a">NLR</subfield>
    <subfield code="j">88-3/3746</subfield>
  </datafield>
  <datafield tag="942" ind1=" " ind2=" ">
    <subfield code="c">BOOK</subfield>
  </datafield>
</record>
